000 01502nam2a2200253 4500
001 RU\NLR\BIBL_A\012209422
005 20200217135640.0
010 _a978-5-09-074606-9
_b1
021 _aRU
_bКН-П-21-043586
_9КН-П-21-3442
021 _aRU
_bКН-П-22-053682
_9КН-П-22-4663
021 _aRU
_bКН-П-19-098182
_9КН-П-19-7216
035 _a(NLR Aleph) 012209422
090 _a10878669
_c10878669
100 _a20200206d2020 u y0rusy50 ca
101 0 _arus
_ager
102 _aRU
_aDE
105 _aacb j 000zy
200 0 _aЧ. 1
215 _a109, [2] с.
_cцв. ил., портр., карт., табл.
461 0 _1001RU\NLR\BIBL_A\012206017
_12001#$aНемецкий язык$eвторой иностранный язык$e8 класс$eучебное пособие для общеобразовательных организаций$e[для детей с нарушением зрения]$eв четырёх частях$f[М. М. Аверин и др.]$vЧ. 1
_910862693
_cМосква
_d2020 [т.е. 2019]
_f[М. М. Аверин и др.]
_nПросвещение
_oвторой иностранный язык : 8 класс : учебное пособие для общеобразовательных организаций : [для детей с нарушением зрения] : в четырёх частях
_p26
_tНемецкий язык
_y9785090746052
_vЧ. 1
942 _cBOOK
980 _aNB